LDR 00819naa#a2200181#i#450# 001 RU\\bibl\116538 005 20260703000935.5 011 ## _a2227-1171 100 ## _a20260630b2026####ek#y0rusy0150####ca 102 ## _aRU 200 1# _aКВАРТИРНОЕ ДОВОЛЬСТВИЕ ЧИНОВ ГОРОДСКОЙ ПОЛИЦИИ В КОНЦЕ XIX В. _eЖурнальная статья 210 1# _aКазань _cКазанский юридический институт МВД России _d2026 215 ## _a8 с. 608 ## _aЖурнальная статья _2local 675 ## _aОрганы охраны общественного порядка. Милиция. Полиция. 351.74 _z 700 #1 _aКузнецов _gВадим Вадимович 700 #1 _aИгнатьев _gНикита Олегович 856 4# _avestnikkui.ru _u